<?xml version="1.0" encoding="UTF-8"?>
<collection xmlns="http://www.loc.gov/MARC21/slim">
 <record>
  <leader>02034nam a2200205Ia 4500</leader>
  <controlfield tag="001">TDMU_39726</controlfield>
  <controlfield tag="008">210410s9999    xx            000 0 und d</controlfield>
  <datafield tag="082" ind1=" " ind2=" ">
   <subfield code="a">363.738 49272</subfield>
  </datafield>
  <datafield tag="090" ind1=" " ind2=" ">
   <subfield code="b">TR121</subfield>
  </datafield>
  <datafield tag="100" ind1=" " ind2=" ">
   <subfield code="a">Trần, Thị Tố Tâm</subfield>
  </datafield>
  <datafield tag="245" ind1=" " ind2="0">
   <subfield code="a">Biện pháp quản lý hoạt động giáo dục pháp luật cho học sinh qua hoạt động ngoại khóa ở các trường Trung học cơ sở tại Thị Xã Dĩ An, Tỉnh Bình Dương</subfield>
  </datafield>
  <datafield tag="245" ind1=" " ind2="0">
   <subfield code="c">Trần Thị Tố Tâm; Nguyễn Thị Hảo (h.dẫn)</subfield>
  </datafield>
  <datafield tag="260" ind1=" " ind2=" ">
   <subfield code="a">Bình Dương</subfield>
  </datafield>
  <datafield tag="260" ind1=" " ind2=" ">
   <subfield code="c">2019</subfield>
  </datafield>
  <datafield tag="300" ind1=" " ind2=" ">
   <subfield code="a">112 tr +Phụ lục</subfield>
  </datafield>
  <datafield tag="520" ind1=" " ind2=" ">
   <subfield code="a">TM tài liệu tham khảo sau phần kết luận; Luận văn Thạc sĩ trường Đại học Thủ Dầu Một; Luận văn gồm 3 chương: Cơ sở lý luận về quản lý hoạt động giáo dục pháp luật qua hoạt động ngoại khóa tại trường THCS; Thực trạng quản lý hoạt động giáo dục pháp luật qua hoạt động ngoại khóa ở trường trung học cơ sở trên địa bàn thị xã Dĩ An, tỉnh Bình Dương; Một số biện pháp nhằm nâng cao hiệu quả quản lý hoạt động giáo dục pháp luật cho học sinh qua hoạt động ngoại khóa ở các trường trung học cơ sở thị xã Dĩ An, tỉnh Bình Dương; Chuyên ngành: Quản lý giáo dục; Không đồng ý cho sao chép, chép file đối với tài liệu</subfield>
  </datafield>
  <datafield tag="650" ind1=" " ind2=" ">
   <subfield code="a">Luận văn; Giáo dục</subfield>
   <subfield code="x">Pháp luật</subfield>
   <subfield code="x">Học sinh</subfield>
   <subfield code="z">Thị xã Dĩ An (Bình Dương - Việt Nam); Học sinh trung học cơ sở</subfield>
   <subfield code="x">Giáo dục pháp luật</subfield>
   <subfield code="x">Quản lý</subfield>
   <subfield code="z">Thị xã Dĩ An (Bình Dương - Việt Nam)</subfield>
  </datafield>
  <datafield tag="700" ind1=" " ind2=" ">
   <subfield code="a">Nguyễn, Thị Hảo</subfield>
  </datafield>
  <datafield tag="856" ind1=" " ind2=" ">
   <subfield code="u">http://lrc.tdmu.edu.vn/opac/search/detail.asp?aID=2&amp;ID=39726</subfield>
  </datafield>
  <datafield tag="980" ind1=" " ind2=" ">
   <subfield code="a">Trung tâm Học liệu Trường Đại học Thủ Dầu Một</subfield>
  </datafield>
 </record>
</collection>
